Maharashtra state gazetteers: Ratnagiri (Record no. 486510)

000 -LEADER
fixed length control field 00492cam a22001337a 4500
008 - FIXED-LENGTH DATA ELEMENTS--GENERAL INFORMATION
fixed length control field 180718b1962 xxu||||| |||| 00| 0 eng d
082 ## - DEWEY DECIMAL CLASSIFICATION NUMBER
Classification number A75 M278RA
245 ## - TITLE STATEMENT
Title Maharashtra state gazetteers: Ratnagiri
Statement of responsibility, etc. edited by P.Setu Madhava Rao
260 ## - PUBLICATION, DISTRIBUTION, ETC.
Place of publication, distribution, etc. Bombay
Name of publisher, distributor, etc. The Director, Government Printing, Stationery and Publication
Date of publication, distribution, etc. 1962
300 ## - PHYSICAL DESCRIPTION
Extent 1027+p.
500 ## - GENERAL NOTE
General note Library also has supplement, edited by B.G. Kunte. 1978. 62p.
650 ## - SUBJECT ADDED ENTRY--TOPICAL TERM
Topical term or geographic name entry element Ratnagiri - Gazetteers
700 ## - ADDED ENTRY--PERSONAL NAME
Personal name Madhava Rao, P. Setu
Holdings
Withdrawn status Lost status Damaged status Not for loan Permanent Location Current Location Date acquired Full call number Barcode Date last seen Price effective from Koha item type
        Indian Institute of Public Administration Indian Institute of Public Administration 2018-08-04 A75 M278RA G15967 2018-08-04 2018-08-04 G
        Indian Institute of Public Administration Indian Institute of Public Administration 2018-08-04 A75 M278RA G8662 2018-08-04 2018-08-04 G
        Indian Institute of Public Administration Indian Institute of Public Administration 2018-08-04 A75 M278RA GG18818 2018-08-04 2018-08-04 GG
        Indian Institute of Public Administration Indian Institute of Public Administration 2018-08-04 A75 M278RA GG18582 2018-08-04 2018-08-04 GG

Powered by Koha